00358pab a2200121 454500008004000000100001900040245008300059260000900142300001300151362001100164650001900175773004200194180718b2007 xxu||||| |||| 00| 0 eng d aFeliz, Mariano aA note on Argentina, its crisis, and the theory of exchange rate determination c2007 ap.80-99. aWinter aExchange rates aReview of Radical Political Economics